000 00803nam a22002417a 4500
003 UA-OsUOA
001 119733
007 ta
008 20161114b un ||||| |||| 00| 0 ukr d
100 _aЛермонтов М.
090 _a821.161.1=161.2
_bЛ49
942 _cBK
040 _aUA-OsUOA
_bukr
_cUA-OsUOA
_dUA-OsUOA
245 _a"Душа мов має крилами..."
_bперлини українських перекладів поезії Михайла Лермонтова
_cупоряд. В. Звиняцьковський
300 _a352 с.
955 _a3
041 _aukr
080 _a821.161.1=161.2
020 _a978-966-06-0660-9
260 _aК.
_bЛибідь
_c2013
650 7 _a82 Література. Літературознавство
_2UDC
999 _c405619
_d405619